000 00511nam a2200181Ia 4500
003 LDD
008 190117s9999 xx 000 0 und d
020 _c₹40
040 _cLDD
041 _ahi
082 _a8H3.6 पे. 5922 से
100 _aप्रेमचंद
245 0 _aसेवासदन
_cप्रेमचंद
246 _a sewasadan
260 _aनई दिल्ली
_bभारतीय ग्रंथ निकेतन
300 _a268प्र.
942 _2ddc
_cH
999 _c164143
_d164143